Gilbert & George (Record no. 72136)

MARC details
000 -LEADER
campo de control de longitud fija 00846nam a2200217 i 4500
001 - NÚMERO DE CONTROL
campo de control 72136
003 - IDENTIFICADOR DE NÚMERO DE CONTROL
campo de control ES-MaACL
005 - FECHA Y HORA DE LA ÚLTIMA TRANSACCIÓN
campo de control 20230906171332.0
007 - CAMPO FIJO DE DESCRIPCIÓN FÍSICA--INFORMACIÓN GENERAL
campo de control de longitud fija t|
008 - DATOS DE LONGITUD FIJA--INFORMACIÓN GENERAL
campo de control de longitud fija 040826s1986 sp ||||1| spa d
020 ## - NÚMERO INTERNACIONAL ESTÁNDAR DEL LIBRO
Número Internacional Estándar del Libro 0-9509-693-2-X
245 00 - MENCIÓN DEL TÍTULO
Título Gilbert & George
Resto del título : the complete pictures, 1971-1985 = todos los cuadros, 1971-1985 : [exposición itinerante, 1986-1987] /
Mención de responsabilidad, etc. coordinación, José Luis Brea ; traducción, Pilar López Máñez.
250 ## - MENCION DE EDICION
Mención de edición 1ª ed.
260 ## - PUBLICACIÓN, DISTRIBUCIÓN, ETC.
Lugar de publicación, distribución, etc. Madrid :
Nombre del editor, distribuidor, etc. Ministerio de Cultura, Direccion General de Bellas Artes y Archivos, Centro Nacional de Exposiciones,
Fecha de publicación, distribución, etc. 1986.
300 ## - DESCRIPCIÓN FÍSICA
Extensión XXXIX, 270 p. :
Otras características físicas principalmente il. ;
Dimensiones 29 cm.
500 ## - NOTA GENERAL
Nota general Indices.
504 ## - NOTA DE BIBLIOGRAFÍA, ETC.
Nota de bibliografía, etc. Bibliografía.
700 1# - ENTRADA AGREGADA--NOMBRE PERSONAL
Nombre de persona Brea, José Luis.
9 (RLIN) 31534
700 0# - ENTRADA AGREGADA--NOMBRE PERSONAL
Nombre de persona López Máñez, Pilar.
9 (RLIN) 73746
852 ## - LOCALIZACIÓN
Ubicación ES-MaACL
Número de control de estantería L-11206
Sublocalización o colección R.113072
Holdings
Estatus retirado Estado de pérdida Estado de daño No para préstamo Biblioteca de origen Biblioteca actual Ubicación en estantería Fecha de adquisición Fuente de adquisición Total de préstamos Signatura topográfica completa Código de barras Visto por última vez Precio de reemplazo Tipo de ítem Koha
        Biblioteca del Ateneo de Madrid Biblioteca del Ateneo de Madrid Depósito 2 17/01/2008     L-11206 1075521 23/02/2023 23/02/2023 Libro impreso